| 000 | 00362nam a2200133Ia 4500 | ||
|---|---|---|---|
| 008 | 240624s9999 xx 000 0 und d | ||
| 041 | _aeng | ||
| 082 | _a020 KAH | ||
| 100 | _aKAHN MIRIAM B | ||
| 245 | _aDISASTER RESPONSE AND PLANNING FOR LIBRA | ||
| 260 |
_c2009 _aNew Delhi _bIndiana Publishing House |
||
| 300 | _axi, : 152 : p. : cm. ; 28 | ||
| 365 |
_cRS _b20 |
||
| 999 |
_c13144 _d13144 |
||